| 000 | 00529 a2200181 4500 | ||
|---|---|---|---|
| 003 | OSt | ||
| 005 | 20240130124028.0 | ||
| 008 | 240130b |||||||| |||| 00| 0 eng d | ||
| 020 | _a8182711924 | ||
| 040 | _coclc | ||
| 082 |
_a297.4 _bQAD/I |
||
| 100 |
_a Qadiri, Sayyid Ahmed Urooj _91892 |
||
| 245 |
_aIslamika Soofism / _cSayyid Ahmed Urooj Qadiri |
||
| 250 | _a2nd ed. | ||
| 260 |
_aKozhikode: _bIslamic Publishing House, _c2006. |
||
| 300 | _a220p. | ||
| 942 |
_2ddc _cBK _h297.4 _iQAD/I _k297.4 _mQAD/I |
||
| 999 |
_c43374 _d43374 |
||